随机20个国家首都(中国版)Random 20 capitals of the world countries - Statistics

General Stats
  • This quiz has been taken 285 times
    284 since last reset
  • The average score is 12 of 20
Answers on the Map
Answers color-coded by a green-red scale on the quiz's map according to % correct below.
 
Answer Stats
首都 % Correct
巴西利亚
100%
明斯克
100%
平壤
100%
莫斯科
100%
巴黎
100%
马尼拉
100%
渥太华
100%
布拉格
100%
华盛顿
100%
奥斯陆
100%
东京
100%
杜尚别
100%
马德里
100%
罗马
100%
新德里
100%
北京
100%
柏林
94%
首尔
93%
开罗
92%
堪培拉
92%
华沙
92%
基辅
92%
喀布尔
91%
巴拿马城
90%
赫尔辛基
90%
乌兰巴托
90%
比勒陀利亚/开普敦/布隆方丹
90%
维也纳
89%
廷布
89%
莫尔兹比港
88%
吉隆坡
88%
加德满都
88%
达喀尔
88%
雷克雅未克
87%
都柏林
86%
达卡
86%
科伦坡
86%
特拉维夫/耶路撒冷
86%
布鲁塞尔
85%
内比都
85%
安卡拉
85%
利马
83%
墨西哥城
83%
河内
83%
伊斯兰堡
82%
万象
82%
伦敦
82%
布宜诺斯艾利斯
80%
阿斯塔纳
80%
阿姆斯特丹
80%
金边
80%
布加勒斯特
80%
阿布贾
80%
里斯本
80%
曼谷
80%
雅典
80%
大马士革
79%
亚的斯亚贝巴
77%
德黑兰
77%
哥本哈根
75%
斯德哥尔摩
75%
阿布扎比
71%
多哈
71%
圣地亚哥
71%
塔林
70%
太子港
70%
惠灵顿
70%
利雅得
69%
萨拉热窝
67%
布拉柴维尔
67%
波哥大
67%
哈瓦那
67%
吉布提
67%
科威特城
67%
的黎波里
67%
基加利
67%
伯尔尼
67%
尼科西亚
67%
耶路撒冷
64%
里加
64%
巴库
63%
内罗毕
62%
加拉加斯
62%
马斯喀特
60%
努瓦克肖特
60%
布达佩斯
60%
巴格达
60%
马累
58%
贝尔格莱德
57%
塔什干
57%
埃里温
57%
苏克雷/拉巴斯
56%
维多利亚
56%
萨那
56%
金沙萨
53%
哈拉雷
53%
布拉迪斯拉发
53%
地拉那
50%
拿骚
50%
第比利斯
50%
比什凯克
50%
萨格勒布
50%
拉巴特
50%
马那瓜
50%
摩加迪沙
50%
多多马
50%
卢萨卡
50%
恩贾梅纳
50%
瓦莱塔
46%
圣萨尔瓦多
46%
罗安达
45%
阿斯马拉
45%
利伯维尔
45%
雅温得
45%
金斯敦
45%
阿尔及尔
44%
帝力
44%
贝鲁特
44%
亚伦
44%
喀土穆
44%
基多
43%
基希讷乌
43%
安曼
43%
亚穆苏克罗
42%
巴马科
42%
圣何塞
41%
贝尔莫潘
40%
弗里敦
40%
班吉
40%
瓦加杜古
38%
马拉博
38%
普拉亚
38%
波德戈里察
38%
朱巴
38%
斯里巴加湾市
38%
亚松森
36%
索非亚
36%
特古西加尔巴
36%
阿克拉
36%
马普托
36%
坎帕拉
36%
波多诺伏
33%
马塞卢
33%
维尔纽斯
33%
蒙罗维亚
33%
卢森堡
33%
利隆圭
33%
马朱罗
33%
尼亚美
33%
圣多美
33%
苏瓦
31%
阿皮亚
31%
危地马拉城
31%
西班牙港
30%
斯科普里
29%
基特加
29%
乔治敦
29%
科纳克里
29%
维拉港
27%
温得和克
25%
卢布尔雅那
25%
蒙得维的亚
25%
梅莱凯奥克
22%
比绍
21%
哈博罗内
20%
路易港
20%
努山塔拉
20%
努库阿洛法
19%
洛美
18%
霍尼亚拉
18%
突尼斯城
18%
阿瓦鲁阿
17%
姆巴巴内
17%
圣多明各
13%
塔那那利佛
13%
帕利基尔
13%
莫罗尼
10%
阿洛菲
10%
塔拉瓦
8%
班珠尔
0%
帕拉马里博
0%
富纳富提
0%
阿什哈巴德
0%
No matching quizzes found
Score Distribution
Percent of People with Each Score
Percentile by Number Answered
Your Score History
You have not taken this quiz since the last reset